[Event "VIE-ch U09 Girls"]
[Site "Ho Chi Minh City"]
[Date "2014.07.13"]
[Round "1"]
[White "Le, Tran Phuong Quyen"]
[Black "Nguyen, Huong Giang"]
[Result "0-1"]
[WhiteElo "1559"]
[BlackElo "1591"]
[PlyCount "116"]
[EventDate "2014.07.13"]
[EventType "swiss"]
[EventRounds "9"]
[EventCountry "VIE"]
[SourceTitle "EXT 2016"]
[Source "ChessBase"]
[SourceDate "2015.10.08"]
[SourceVersion "1"]
[SourceVersionDate "2015.10.08"]
[SourceQuality "1"]

1. e4 c5 2. Nf3 d6 3. Nc3 Nf6 4. Bb5+ Bd7 5. Bxd7+ Nbxd7 6. d3 e6 7. Be3 Be7 8. 0-0 Qc7 9. h3 a6 10. d4 0-0 11. dxc5 Nxc5 12. Qd2 Ncxe4 13. Qd3 d5 14. Rac1 Nxc3 15. bxc3 Ne4 16. Bd2 Bf6 17. Rb1 Bxc3 18. Rb3 Qc4 19. Bxc3 Rac8 20. Bb4 Rfe8 21. Qxc4 Rxc4 22. Rb2 Rec8 23. Rc1 d4 24. Re1 Nf6 25. Re2 Nd5 26. Bd6 Nc3 27. Rd2 Ne4 28. Re2 Nxd6 29. Kh2 h6 30. Ne5 R4c7 31. Rd2 Nb5 32. Kh1 Na3 33. Rxd4 Nxc2 34. Kg1 Nxd4 35. Rd2 Nc6 36. Nc4 Rd8 37. Rd6 b5 38. Rxd8+ Nxd8 39. Nd6 Rc2 40. a3 Ra2 41. Kf1 Rxa3 42. Ke2 b4 43. Kd2 a5 44. Kc2 Ra2+ 45. Kb3 Rxf2 46. Ka4 e5 47. Ne4 Re2 48. Nc5 Rb2 49. Kxa5 Rxg2 50. Kxb4 f5 51. Kc4 e4 52. Kd4 g5 53. Ke3 h5 54. Kd4 Rg3 55. Ke5 e3 56. Kxf5 e2 57. Ke4 e1Q+ 58. Kd4 Qe3+ 0-1